The art of measurement (Record no. 75787)
[ view plain ]
| 000 -LEADER | |
|---|---|
| fixed length control field | 00708cab a2200181 4500 |
| 001 - CONTROL NUMBER | |
| control field | L130780 |
| 008 - FIXED-LENGTH DATA ELEMENTS--GENERAL INFORMATION | |
| fixed length control field | 050830n2005 000 0 eng u |
| 035 ## - SYSTEM CONTROL NUMBER | |
| System control number | (Sirsi) u130780 |
| 041 0# - LANGUAGE CODE | |
| Language code of text/sound track or separate title | eng |
| 100 ## - MAIN ENTRY--PERSONAL NAME | |
| Personal name | Booty, Frank |
| 245 04 - TITLE STATEMENT | |
| Title | The art of measurement |
| 260 ## - PUBLICATION, DISTRIBUTION, ETC. | |
| Date of publication, distribution, etc. | 2005 |
| 490 ## - SERIES STATEMENT | |
| Series statement | Property Management |
| Volume/sequential designation | August 2005, 51-52(2) |
| 520 ## - SUMMARY, ETC. | |
| Summary, etc. | Article written following attendance at the annual Henry Stewart briefing in June. Discusess performance measurement in relation to real estate. Examines the policy in relation to Scottish Water in some detail. Contains a list of useful links. |
| 590 ## - LOCAL NOTE (RLIN) | |
| Local note | IKA300805 |
| 690 ## - LOCAL SUBJECT ADDED ENTRY--TOPICAL TERM (OCLC, RLIN) | |
| Topical term or geographic name as entry element | PROPERTY-COMMERCIAL PROPERTY-COMMERCIAL PROPERTY MANAGEMENT |
| 942 ## - ADDED ENTRY ELEMENTS (KOHA) | |
| Suppress in OPAC | 0 |
| Withdrawn status | Lost status | Source of classification or shelving scheme | Damaged status | Not for loan | Home library | Current library | Shelving location | Date acquired | Total Checkouts | Full call number | Barcode | Date last seen | Copy number | Price effective from | Koha item type |
|---|---|---|---|---|---|---|---|---|---|---|---|---|---|---|---|
| Dewey Decimal Classification | London | London | Journal article | 30/08/2005 | L130780 | 130780-1001 | 06/08/2019 | 1 | 06/08/2019 | Journal article |